000 00203nam a2200085 4500
001 1234086
005 20250926113753.0
245 _aÇİZGİ KEDİNİN MASALI
_cFİGEN YAMAN COŞAR
260 _bERDEM YAYINLARI
999 _c1234086
_d1234086